The fisherman's world in pictures; (Record no. 1121)

MARC details
000 -LEADER
fixed length control field 00705cam a2200277 4500
005 - DATE AND TIME OF LATEST TRANSACTION
control field 20260322212047.0
008 - FIXED-LENGTH DATA ELEMENTS--GENERAL INFORMATION
fixed length control field data
010 ## - LIBRARY OF CONGRESS CONTROL NUMBER
LC control number 72192302
015 ## - NATIONAL BIBLIOGRAPHY NUMBER
National bibliography number B71-05281
020 ## - INTERNATIONAL STANDARD BOOK NUMBER
International Standard Book Number 0600013324
020 ## - INTERNATIONAL STANDARD BOOK NUMBER
International Standard Book Number 9780600013327
040 ## - CATALOGING SOURCE
Original cataloging agency DLC
Transcribing agency DLC
Modifying agency DLC
041 1# - LANGUAGE CODE
Language code of text/sound track or separate title engcze
050 00 - LIBRARY OF CONGRESS CALL NUMBER
Classification number SH443
Item number .S7713
082 00 - DEWEY DECIMAL CLASSIFICATION NUMBER
Classification number 799.1/2/0222
092 ## - LOCALLY ASSIGNED DEWEY CALL NUMBER (OCLC)
Classification number 799.1 S7713 1970
001 - CONTROL NUMBER
control field data
100 1# - MAIN ENTRY--PERSONAL NAME
Personal name Štochl, Sláva.
240 10 - UNIFORM TITLE
Uniform title Petrův zdar!
Language of a work English
245 14 - TITLE STATEMENT
Title The fisherman's world in pictures;
Statement of responsibility, etc. Sláva Štochl.
260 ## - PUBLICATION, DISTRIBUTION, ETC.
Place of publication, distribution, etc. Feltham,
Name of publisher, distributor, etc. Hamlyn,
Date of publication, distribution, etc. 1970.
300 ## - PHYSICAL DESCRIPTION
Extent 239 p. of illus.
Dimensions 29 cm.
350 ## - PRICE (NR) (BK AM CF MU VM SE) [OBSOLETE]
Price £2.25
500 ## - GENERAL NOTE
General note Translation of Petrův zdar!
650 #0 - SUBJECT ADDED ENTRY--TOPICAL TERM
Topical term or geographic name entry element Fishing
General subdivision Pictorial works.
Holdings
Withdrawn status Lost status Damaged status Not for loan Home library Current library Shelving location Date acquired Total checkouts Full call number Barcode Date last seen Price effective from Koha item type
        Fairfield Fairfield General stacks 22/03/2026   799.1/2/0222 BC0011157 22/03/2026 22/03/2026 Books